000 00445nam a2200181Ia 4500
008 180424s9999 xx 000 0 und d
020 _a8177226967
084 _a510.78 D78:1
100 _a"Dreamtech Software Team, "
245 0 _aIBM Mainframe Black Book
250 _a\\200600ENGGPCX
260 _aDreamtech
260 _b2006
260 _cNew Delhi
300 _a1180p.
500 _aincludes index and biblioraphy
942 _cBK
999 _c74403
_d74403